Central Library, Doon University
WEBOPAC (ONLINE PUBLIC ACCESS CATALOGUE)

Bioinstrumentation (Record no. 60225)

MARC details
000 -LEADER
fixed length control field 00437nam a22001817a 4500
005 - DATE & TIME
control field 20260204132413.0
008 - FIXED-LENGTH DATA ELEMENTS--GENERAL INFORMATION
fixed length control field 260204b |||||||| |||| 00| 0 eng d
020 ## - ISBN
International Standard Book Number 9788123928395
Price 695.00
040 ## - CATALOGING SOURCE
Original cataloging agency Doon University
041 ## - Language
Language English
082 ## - DDC NUMBER
Classification number 610.28
Book Number REI
100 ## - MAIN ENTRY--PERSONAL NAME
Personal name Reilly, M.J.
245 ## - TITLE STATEMENT
Title Bioinstrumentation
260 ## - PUBLICATION, DISTRIBUTION, ETC. (IMPRINT)
Place of publication, distribution, etc New Delhi
Name of publisher, distributor, etc CBS
Date of publication, distribution, etc 2018
300 ## - PHYSICAL DESCRIPTION
Pages 464
650 ## - Subject
Subject Environment Science
942 ## - ADDED ENTRY ELEMENTS (KOHA)
Koha item type Books
100 ## - MAIN ENTRY--PERSONAL NAME
-- 26185
650 ## - Subject
-- 310
952 ## - LOCATION AND ITEM INFORMATION (KOHA)
-- 2026-02-04
952 ## - LOCATION AND ITEM INFORMATION (KOHA)
-- 2026-02-04
952 ## - LOCATION AND ITEM INFORMATION (KOHA)
-- 2026-02-04
Holdings
Withdrawn status Lost status Source of classification or shelving scheme Damaged status Not for loan Location (home branch) Sublocation or collection (holding branch) Date acquired Koha issues (times borrowed) Koha full call number Accession No. Koha date last seen Koha item type
          Doon University Doon University 04.02.2026   610.28 REI 52080 04.02.2026 Books
          Doon University Doon University 04.02.2026   610.28 REI 52081 04.02.2026 Books
          Doon University Doon University 04.02.2026   610.28 REI 52082 04.02.2026 Books
Contact : +91-135-2533126 (Library),+91-135-2533105 (Admin Office) , Email : doonlibrary@gmail.com

Powered by Koha